<?xml version="1.0" encoding="UTF-8"?>
<record
    xmlns:xsi="http://www.w3.org/2001/XMLSchema-instance"
    xsi:schemaLocation="http://www.loc.gov/MARC21/slim http://www.loc.gov/standards/marcxml/schema/MARC21slim.xsd"
    xmlns="http://www.loc.gov/MARC21/slim">

  <leader>01149cam a2200253Ia 4500</leader>
  <controlfield tag="001">698593819</controlfield>
  <controlfield tag="003">OSt</controlfield>
  <controlfield tag="005">20150408114027.0</controlfield>
  <controlfield tag="008">100802s2011    enka     b    001 0 eng d</controlfield>
  <datafield tag="040" ind1=" " ind2=" ">
    <subfield code="a">NLE</subfield>
    <subfield code="c">NLE</subfield>
    <subfield code="d">CUD</subfield>
    <subfield code="d">YDXCP</subfield>
    <subfield code="d">UUS</subfield>
  </datafield>
  <datafield tag="050" ind1="1" ind2="4">
    <subfield code="a">QD474</subfield>
    <subfield code="b">.G738 2011</subfield>
  </datafield>
  <datafield tag="082" ind1=" " ind2=" ">
    <subfield code="2">21</subfield>
    <subfield code="a">541.395</subfield>
  </datafield>
  <datafield tag="100" ind1="1" ind2=" ">
    <subfield code="a">Grabulosa, Arnald.</subfield>
    <subfield code="9">11956</subfield>
  </datafield>
  <datafield tag="245" ind1="1" ind2="0">
    <subfield code="a">P-stereogenic ligands in enantioselective catalysis /</subfield>
    <subfield code="c">Arnald Grabulosa.</subfield>
  </datafield>
  <datafield tag="260" ind1=" " ind2=" ">
    <subfield code="a">Cambridge :</subfield>
    <subfield code="b">Royal Society of Chemistry,</subfield>
    <subfield code="c">c2011.</subfield>
  </datafield>
  <datafield tag="300" ind1=" " ind2=" ">
    <subfield code="a">xvii, 501 p. :</subfield>
    <subfield code="b">ill. ;</subfield>
    <subfield code="c">25 cm.</subfield>
  </datafield>
  <datafield tag="490" ind1="1" ind2=" ">
    <subfield code="a">RSC catalysis series ;</subfield>
    <subfield code="v">no. 7.</subfield>
  </datafield>
  <datafield tag="504" ind1=" " ind2=" ">
    <subfield code="a">Includes bibliographical references and index.</subfield>
  </datafield>
  <datafield tag="505" ind1="0" ind2=" ">
    <subfield code="a">Introduction -- Resolution of racemic and diastereomeric mixtures -- P-stereogenic heterocycles -- P-stereogenic compounds derived from enantiopure heterocycles -- P-stereogenic phosphines prepared by enantioselective deprotonation -- Prepared by enantioselective catalysis -- Hydrogenation and related reactions -- Miscellaneous reactions.</subfield>
  </datafield>
  <datafield tag="650" ind1=" " ind2="0">
    <subfield code="a">Ligands.</subfield>
    <subfield code="9">11957</subfield>
  </datafield>
  <datafield tag="650" ind1=" " ind2="0">
    <subfield code="a">Enantioselective catalysis.</subfield>
    <subfield code="9">11897</subfield>
  </datafield>
  <datafield tag="830" ind1=" " ind2="0">
    <subfield code="a">RSC catalysis series ;</subfield>
    <subfield code="v">7.</subfield>
    <subfield code="9">11958</subfield>
  </datafield>
  <datafield tag="942" ind1=" " ind2=" ">
    <subfield code="2">ddc</subfield>
    <subfield code="c">BOOK</subfield>
  </datafield>
  <datafield tag="999" ind1=" " ind2=" ">
    <subfield code="c">22517</subfield>
    <subfield code="d">257017</subfield>
  </datafield>
  <datafield tag="952" ind1=" " ind2=" ">
    <subfield code="1">0</subfield>
    <subfield code="2">2013-03-10</subfield>
    <subfield code="4">0</subfield>
    <subfield code="7">0</subfield>
    <subfield code="a">541.395 G A P</subfield>
    <subfield code="d">2012-04-23</subfield>
    <subfield code="h">SHF</subfield>
    <subfield code="i">00085400</subfield>
    <subfield code="m">SHF</subfield>
    <subfield code="r">2013-03-10 00:00:00</subfield>
    <subfield code="t">BOOK</subfield>
    <subfield code="w">ddc</subfield>
    <subfield code="y">0</subfield>
  </datafield>
  <datafield tag="952" ind1=" " ind2=" ">
    <subfield code="1">0</subfield>
    <subfield code="2">2013-03-10</subfield>
    <subfield code="4">0</subfield>
    <subfield code="7">0</subfield>
    <subfield code="a">541.395 G A P</subfield>
    <subfield code="d">2012-04-23</subfield>
    <subfield code="h">SHF</subfield>
    <subfield code="i">00085401</subfield>
    <subfield code="m">SHF</subfield>
    <subfield code="r">2013-03-10 00:00:00</subfield>
    <subfield code="t">BOOK</subfield>
    <subfield code="w">ddc</subfield>
    <subfield code="y">0</subfield>
  </datafield>
</record>
